Batailles de Napoléon - Statistiques

Statistiques générales
  • Ce quiz a été pris 306 fois
  • Le résultat moyen est 18 sur 64
Statistiques - réponses
Hint Réponse % Correct
2 décembre 1805 Austerlitz
85%
18 juin 1815 Waterloo
82%
décembre 1793 Toulon
74%
14 octobre 1806 Iéna
69%
20 octobre 1805 Ulm
69%
6 juillet 1809 Wagram
66%
29 novembre 1812 La Bérézina
65%
14 juin 1800 Marengo
65%
14 juin 1807 Friedland
59%
19 octobre 1813 Leipzig
58%
8 février 1807 Eylau
57%
21 juillet 1798 Les Pyramides
53%
17 novembre 1796 Pont d'Arcole
46%
7 septembre 1812 La Moskova
43%
14 janvier 1797 Rivoli
41%
25 juillet 1799 Aboukir
36%
10 mai 1796 Lodi
33%
27 août 1813 Dresde
30%
22 mai 1809 Essling
29%
16 juin 1815 Ligny
29%
17 aout 1812 Smolensk
28%
5 août 1796 Castiglione
27%
12 avril 1796 Montenotte
27%
août 1797 Mantoue
26%
mars 1799 Jaffa
25%
21 mai 1813 Bautzen
21%
23 avril 1809 Ratisbonne
21%
13 mars 1814 Reims
21%
mai 1799 Saint-Jean d'Acre
21%
2 mai 1813 Lützen
20%
21 avril 1796 Mondovi
19%
16 avril 1799 Mont-Thabor
19%
12 février 1814 Chateau-Thierry
18%
10 mars 1814 Laon
18%
30 novembre 1808 Somosierra
18%
8 septembre 1796 Bassano
17%
31 octobre 1813 Hanau
17%
16 janvier 1797 La Favorite
17%
4 août 1796 Lonato
17%
11 février 1814 Montmirail
17%
29 janvier 1814 Brienne
16%
15 avril 1796 Dego
16%
février 1799 El-Arish
16%
9 mai 1796 Fombio
15%
30 mai 1796 Borghetto
14%
10 juin 1807 Heilsberg
14%
1er février 1814 La Rothière
14%
12 novembre 1796 Caldiero
13%
10 février 1814 Champaubert
13%
18 novembre 1812 Krasnoï
13%
4 septembre 1796 Rovereto
13%
23 mars 1797 Tarvis
13%
16 mars 1797 Valvasone
13%
20 avril 1809 Abensberg
12%
13 juillet 1798 Chebreiss
12%
21 mars 1814 Arcis-sur-Aube
11%
7 mars 1814 Craonne
11%
22 avril 1809 Ekmühl
11%
14 février 1814 Vauchamps
11%
27 juillet 1812 Vitebsk
11%
5 mars 1814 Berry-au-Bac
10%
21 avril 1809 Landshut
10%
18 février 1814 Montereau
10%
22 mai 1813 Reichenbach
10%
Aucun quiz correspondant
Distribution des résultats
% des personnes avec chaque résultat
Percentile par nombre de réponses
Votre historique - résultats
Vous n’avez pas pris ce quiz